Thoughts and utterances : the progmatics of explicit communication

Αποθηκεύτηκε σε:
Λεπτομέρειες βιβλιογραφικής εγγραφής
Κύριος συγγραφέας: Carston, Robyn
Μορφή: Βιβλίο
Γλώσσα:English
Δημοσίευση: Oxford : Blackwell, c2002
Θέματα:
Ετικέτες: Προσθήκη ετικέτας
Δεν υπάρχουν, Καταχωρήστε ετικέτα πρώτοι!

MARC

LEADER 00000nam a2200000 i 4500
001 1/78021
008 050606s2002 eng d
020 |a 0-631-21488-7 
035 |l 10078395 
040 |a GR-MY-UA  |b gre  |e aacr 
041 0 |a eng 
082 0 |a 306.44  |2 (22) 
100 1 |a Carston, Robyn. 
245 1 0 |a Thoughts and utterances :  |b the progmatics of explicit communication /  |c Robyn Carston 
260 |a Oxford :   |b Blackwell,   |c c2002 
300 |a 418 σ.;  |c 26 εκ. 
504 |a Περιέχει βιβλιογραφία και ευρετήριο 
650 0 0 |a Pragmatics. 
650 0 0 |a Semantics. 
650 0 0 |a Communication  |x Philosophy. 
852 |a INST  |b LESVOS  |e 20050606  |h 306.44 CAR  |p 005100032144  |q 005100032144  |t BK  |y 0 
901 |a BIBL1-2005-2 
909 |a Λ  |b 120974 
920 |a ΕΠΕΑΕΚ ΚΟΙΝΩΝΙΚΗΣ ΑΝΘΡΩΠΟΛΟΓΙΑΣ ΚΑΙ ΙΣΤΟΡΙΑΣ  |y ΛΕΣΒΟΣ  |z 2004-12 
970 |a ΚΑΡΑ  |b ΓΙΑΣΕΜΗ  |z 2005/06/06